000 02396cam a22004934i 4500
003 PE-LiUPU
005 20250731184528.0
008 150623s1997 miu rb 000 0 eng d
020 _a080284278X
035 _a(Sirsi) i9780802842787
040 _aPE-LiUPU
_bspa
_cPE-LiUPU
_erda
049 _aPRUA
082 0 4 _a956.94
_bV37
_221
100 1 _aVaux, Roland de,
_eautor.
245 1 0 _aAncient Israel :
_bits life and institutions /
_cRoland de Vaux ; translated by John McHugh.
264 1 _aMichigan :
_bWilliam B. Eerdmans Publishing Company,
_c1997.
300 _a592 páginas ;
_c23 centímetros.
336 _atext
_2rdacontent
337 _aunmediated
_2rdamedia
338 _avolume
_2rdacarrier
490 1 _aThe biblical resource series
504 _aIncluye bibliografía.
505 0 _aIntroduction : nomadism and its survival -- Family institutions: The family -- Marriage -- The position of women -- Widows -- Children -- Succession and inheritance -- Death and funeral rites -- Civil institutions: Population -- The free population: its divisions -- Slaves -- The israelite concept of the state -- The pearson of the king -- The royal household -- The principal officials of the king -- The administration of the kingdom -- Finance and public works -- Law and justice -- Economic life -- Division of time -- Weights and measures -- Military institutions: The armies of Israel -- Fortified cities and siege warfare -- Armaments -- War -- The holy war -- Religious institutions: Semitic sanctuaries -- The first israelite sanctuaries -- The temple at Jerusalem.
526 _aP136
526 _aP135
526 _aP134
526 _aP133
526 _aP144
526 _aP143
526 _aP87
526 _aP35
526 _aP20
526 _aP14
526 _aP10
526 _aP06
650 1 4 _aJudaísmo
_xHistoria
_y70 d. de JC.
650 2 4 _aJudios
_xVida social y costumbres
_yA 70 d. de JC.
942 _2ddc
_cBOOK
949 _a956.94 V37
_wDEWEY
_c1
_i44409
_lCCODEBUL1
_mBUL
_r0
_sY
_tBOOK
_u2015-6-24
_xTEOLOGIA
_PP35
_0COMPRA
_o.STAFF. Colección Teología
994 _aC0
_bPEPRU
596 _a1
999 _a956.94 V37
_wDEWEY
_c21290
_i44409
_f2021-11-12
_g5
_lCCODEBUL1
_mBUL
_p25.00
_r0
_sY
_tBOOK
_u2015-6-24
_xTEOLOGIA
_PP35
_0COMPRA
_o.STAFF. Colección Teología
_d21290
980 _81
_gALBERTO SANCHEZ Responsable de Automatización